[Event "III Aberto do Brasil Cidade de MaringÃƒÂ"]
[Site "Country Club de MaringÃƒÂ¡ - P"]
[Date "2013.07.26"]
[Round "5"]
[White "JESUS FILHO, Jose Carlos"]
[Black "CAETANO, Hugo Zanotti Mendonc"]
[Result "0-1"]
[WhiteElo "1975"]
[BlackElo "2152"]
[PlyCount "60"]
[EventDate "2013.07.24"]

1. e4 c5 2. Nf3 Nc6 3. Bc4 g6 4. c3 Bg7 5. d4 cxd4 6. cxd4 Qb6 7. e5 d6 8. exd6
Qb4+ 9. Nbd2 Qxd6 10. O-O Nf6 11. Bxf7+ Kxf7 12. Qb3+ Qd5 13. Nc4 Rd8 14. Re1
Kg8 15. Bf4 b5 16. Ncd2 Qxb3 17. Nxb3 Bg4 18. Ne5 Nxd4 19. f3 Bf5 20. g4 Bc2
21. Nxd4 Rxd4 22. Be3 Rdd8 23. Nc6 Rd7 24. Bc5 Bf8 25. Rac1 Rc8 26. Nxe7+ Bxe7
27. Bxe7 Nd5 28. Bg5 Nb4 29. Re7 Rxe7 30. Bxe7 Nd3 0-1

[Event "III Aberto do Brasil Cidade de MaringÃƒÂ"]
[Site "Country Club de MaringÃƒÂ¡ - P"]
[Date "2013.07.26"]
[Round "5"]
[White "BANDEIRA, Tarciano"]
[Black "MOURA DE LIMA, Wilian Rither D"]
[Result "0-1"]
[WhiteElo "2150"]
[BlackElo "1948"]
[PlyCount "76"]
[EventDate "2013.07.24"]

1. e4 c6 2. c4 d5 3. exd5 cxd5 4. cxd5 Nf6 5. d4 Nxd5 6. Nc3 Nc6 7. Nf3 Bg4 8.
Bc4 e6 9. Bxd5 exd5 10. O-O Be7 11. Qd3 O-O 12. Ne5 Be6 13. Be3 Rc8 14. f4 f6
15. Nxc6 Rxc6 16. f5 Bf7 17. Rf4 Qb6 18. Qe2 Re8 19. Rg4 Bf8 20. Qf2 Rxe3 21.
Qxe3 Qxb2 22. Rc1 Ba3 23. Ne2 Rxc1+ 24. Nxc1 Qxc1+ 25. Qxc1 Bxc1 26. Rg3 Be8
27. Rc3 Bb2 28. Rd3 Bb5 29. Rd1 Kf7 30. Kf2 a5 31. Ke3 a4 32. Kd2 a3 33. Re1
Bc4 34. Re6 Bxd4 35. Rd6 Ke7 36. Re6+ Kd7 37. g4 Bxa2 38. Kd3 Be5 0-1

[Event "III Aberto do Brasil Cidade de MaringÃƒÂ"]
[Site "Country Club de MaringÃƒÂ¡ - P"]
[Date "2013.07.26"]
[Round "5"]
[White "ZIMMERMANN, Kleber Renato P"]
[Black "SOUZA, Rafael Cabral De"]
[Result "1-0"]
[WhiteElo "1934"]
[BlackElo "2144"]
[PlyCount "117"]
[EventDate "2013.07.24"]

1. d4 c5 2. d5 Nf6 3. c4 g6 4. Nc3 d6 5. e4 Bg7 6. f4 O-O 7. Be2 e6 8. Nf3 exd5
9. e5 dxe5 10. fxe5 Ng4 11. Bg5 Qa5 12. cxd5 Nxe5 13. O-O Nbd7 14. Be7 Re8 15.
d6 Nxf3+ 16. Bxf3 Nb6 17. Nd5 Nxd5 18. Bxd5 Be6 19. Bxe6 fxe6 20. Qe2 e5 21.
Qc4+ Kh8 22. Rf7 Qd2 23. Raf1 Qd4+ 24. Qxd4 cxd4 25. d7 Reb8 26. Bd6 Rd8 27.
Re7 d3 28. Bc7 Rg8 29. Bxe5 Bxe5 30. Rxe5 Rad8 31. Re7 d2 32. Rd1 Rg7 33. Re8+
Rg8 34. Rxd8 Rxd8 35. Rxd2 Kg7 36. Kf2 Kf6 37. Ke3 Ke5 38. Kf3 Kf5 39. g4+ Ke5
40. h4 Rf8+ 41. Ke3 Rd8 42. Rd4 h6 43. Rd3 b6 44. Rd4 Ke6 45. Ke4 Rxd7 46. Rxd7
Kxd7 47. Ke5 Ke7 48. b4 b5 49. h5 g5 50. Kd5 Kd7 51. Kc5 Ke6 52. Kxb5 Ke5 53.
Ka6 Kf4 54. Kxa7 Kxg4 55. b5 Kf3 56. b6 g4 57. b7 g3 58. b8=Q Kf2 59. Qf4+ 1-0

[Event "III Aberto do Brasil Cidade de MaringÃƒÂ"]
[Site "Country Club de MaringÃƒÂ¡ - P"]
[Date "2013.07.26"]
[Round "5"]
[White "BASTOS, Guilherme Exterhotte"]
[Black "DANERI, Martin"]
[Result "1-0"]
[WhiteElo "1933"]
[BlackElo "2129"]
[PlyCount "55"]
[EventDate "2013.07.24"]

1. d4 e6 2. Bf4 f5 3. Nf3 Nf6 4. c3 Be7 5. Nbd2 b6 6. h3 O-O 7. e3 h6 8. Bd3
Ba6 9. Bxa6 Nxa6 10. Qe2 Qc8 11. Bh2 Qb7 12. O-O c5 13. Rfe1 Rac8 14. Rad1 g5
15. Ne5 Kg7 16. e4 cxd4 17. exf5 dxc3 18. bxc3 exf5 19. Nxd7 Rfe8 20. Be5 Kg6
21. Nxf6 Bxf6 22. Nc4 Rxc4 23. Qxc4 Bxe5 24. Rxe5 Rxe5 25. Qg8+ Kh5 26. Rd6
Re1+ 27. Kh2 Re6 28. Qxe6 1-0

[Event "III Aberto do Brasil Cidade de MaringÃƒÂ"]
[Site "Country Club de MaringÃƒÂ¡ - P"]
[Date "2013.07.26"]
[Round "5"]
[White "OLIVEIRA, Fernando Henrique"]
[Black "MAIBERG, Wellington Gubiani"]
[Result "1-0"]
[WhiteElo "2116"]
[BlackElo "1919"]
[PlyCount "103"]
[EventDate "2013.07.24"]

1. d4 d5 2. c4 c6 3. Nf3 e6 4. g3 dxc4 5. Bg2 Nf6 6. Nc3 Bb4 7. O-O O-O 8. Qc2
Qa5 9. Ne5 Bxc3 10. bxc3 Nd5 11. Bd2 Nb6 12. Rfb1 N8d7 13. Qe4 Nf6 14. Qh4 Nfd5
15. Rc1 f6 16. Nf3 Bd7 17. e4 Ne7 18. Qf4 e5 19. Qe3 Rad8 20. Bf1 Be6 21. a4
Nbc8 22. Rcb1 Nd6 23. Bc1 Rfe8 24. dxe5 fxe5 25. Ba3 Nec8 26. Ng5 Bg4 27. f3
Bh5 28. Bh3 Nf7 29. Nxf7 Bxf7 30. Rxb7 Rd3 31. Qg5 Qxc3 32. Bb2 Qd2 33. Qxd2
Rxd2 34. Rb8 Rdd8 35. a5 Nd6 36. Rxd8 Rxd8 37. Rd1 Nb7 38. Rxd8+ Nxd8 39. Bxe5
Ne6 40. Kf2 g6 41. Ke3 Kf8 42. Bf1 Ke7 43. Bxc4 Nd8 44. Bxf7 Kxf7 45. a6 c5 46.
Bd6 Ne6 47. Kd3 Ke8 48. Kc4 Kd7 49. Bxc5 Nc7 50. Bxa7 Ke6 51. Be3 Nxa6 52. Bf4
1-0

[Event "III Aberto do Brasil Cidade de MaringÃƒÂ"]
[Site "Country Club de MaringÃƒÂ¡ - P"]
[Date "2013.07.26"]
[Round "5"]
[White "LISBOA TORRES, Eduardo"]
[Black "REZENDE, Guilherme Vilela"]
[Result "1-0"]
[WhiteElo "1864"]
[BlackElo "2085"]
[PlyCount "61"]
[EventDate "2013.07.24"]

1. d4 Nf6 2. c4 e6 3. Nc3 Bb4 4. e3 d5 5. Nge2 O-O 6. a3 Be7 7. cxd5 exd5 8.
Nf4 c6 9. Bd3 Re8 10. O-O Nbd7 11. Bc2 Nf8 12. f3 Ne6 13. Nxe6 Bxe6 14. e4 c5
15. e5 cxd4 16. exf6 dxc3 17. fxe7 Qb6+ 18. Rf2 cxb2 19. Bxb2 Rxe7 20. Rb1 Qe3
21. a4 b6 22. Bd4 Qf4 23. Qd3 g6 24. g3 Qc7 25. Qd2 f5 26. Re2 Bf7 27. Qh6 Be8
28. Rbe1 Rxe2 29. Rxe2 Rc8 30. Qg5 Bxa4 31. Qf6 1-0

[Event "III Aberto do Brasil Cidade de MaringÃƒÂ"]
[Site "Country Club de MaringÃƒÂ¡ - P"]
[Date "2013.07.26"]
[Round "5"]
[White "GARKAUSKAS, Otto Dmitry"]
[Black "SERAFIM JUNIOR, Arnor"]
[Result "1-0"]
[WhiteElo "2084"]
[BlackElo "1851"]
[PlyCount "101"]
[EventDate "2013.07.24"]

1. c4 Nf6 2. d4 e6 3. Nc3 d5 4. cxd5 exd5 5. Bg5 c6 6. e3 Nbd7 7. Bd3 Qa5 8.
Nge2 Bd6 9. Qc2 O-O 10. O-O Re8 11. Bh4 Qc7 12. Bg3 Bxg3 13. Nxg3 g6 14. b4 b6
15. Nb5 Qb8 16. Qxc6 Ba6 17. Qc2 Rc8 18. Qe2 Bxb5 19. Bxb5 Rc3 20. Ba6 Qc7 21.
Qb2 Rc2 22. Qb1 Qc3 23. Ne2 Qb2 24. Qxb2 Rxb2 25. Rfb1 Rc2 26. Rc1 Rb2 27. a3
Ne4 28. Bd3 Ndf6 29. Rc2 Rxc2 30. Bxc2 Nd6 31. Bd3 Rc8 32. Rc1 Rxc1+ 33. Nxc1
Nc4 34. Bxc4 dxc4 35. Kf1 Kf8 36. Ke2 Ke7 37. f3 Nd5 38. Kd2 b5 39. Ne2 f5 40.
Nc3 Nxc3 41. Kxc3 g5 42. d5 Kd6 43. Kd4 h5 44. e4 f4 45. e5+ Kd7 46. h4 g4 47.
Ke4 Ke7 48. Kxf4 Kf7 49. fxg4 hxg4 50. h5 Kg7 51. d6 1-0

[Event "III Aberto do Brasil Cidade de MaringÃƒÂ"]
[Site "Country Club de MaringÃƒÂ¡ - P"]
[Date "2013.07.26"]
[Round "5"]
[White "MENDONCA CAMPELO, Higor Carlos"]
[Black "MEDEIROS, Thauane Ferreira"]
[Result "1-0"]
[WhiteElo "2061"]
[BlackElo "1836"]
[PlyCount "101"]
[EventDate "2013.07.24"]

1. e4 c5 2. Nf3 Nc6 3. d4 cxd4 4. Nxd4 g6 5. Nc3 Bg7 6. Be3 Nf6 7. Bc4 O-O 8.
Bb3 d6 9. f3 Bd7 10. Qd2 Nxd4 11. Bxd4 b5 12. h4 a5 13. h5 Rc8 14. hxg6 hxg6
15. Nd5 a4 16. Nxf6+ exf6 17. Bd5 Be6 18. O-O-O Bxd5 19. exd5 Qc7 20. Kb1 Rfe8
21. Rhe1 Qc4 22. Bc3 Rxe1 23. Rxe1 Rc5 24. Rd1 b4 25. Bxb4 Bh6 26. Qc3 Qe2 27.
Re1 Rxd5 28. a3 Rd1+ 29. Rxd1 Qxd1+ 30. Ka2 Qd5+ 31. b3 f5 32. Qc8+ Kh7 33. Qc4
axb3+ 34. cxb3 Qd1 35. Bc3 d5 36. Qd4 Qe2+ 37. Bb2 Qe8 38. a4 Qd8 39. Qf6 Qxf6
40. Bxf6 Be3 41. Bd8 f4 42. b4 d4 43. b5 d3 44. Kb3 Kg8 45. b6 Kf8 46. b7 Ba7
47. Bc7 Ke7 48. Bxf4 Kd7 49. b8=Q Bxb8 50. Bxb8 g5 51. Kc3 1-0

[Event "III Aberto do Brasil Cidade de MaringÃƒÂ"]
[Site "Country Club de MaringÃƒÂ¡ - P"]
[Date "2013.07.26"]
[Round "5"]
[White "FREIRE DOS SANTOS, Fernando Ju"]
[Black "BAPTISTA, Andre Kemper"]
[Result "1-0"]
[WhiteElo "2052"]
[BlackElo "1818"]
[PlyCount "61"]
[EventDate "2013.07.24"]

1. d4 Nf6 2. c4 c5 3. d5 g6 4. Nc3 Bg7 5. e4 d6 6. Nf3 Bg4 7. h3 Bxf3 8. Qxf3
Nbd7 9. Qd1 O-O 10. Bd3 Ne5 11. Be2 a6 12. a4 Qb6 13. O-O Ned7 14. Qc2 e6 15.
Be3 exd5 16. cxd5 Qc7 17. a5 Ne8 18. f4 Bd4 19. Nd1 Bxe3+ 20. Nxe3 Qd8 21. Nc4
Qh4 22. Kh2 Qe7 23. Bg4 Nef6 24. Bf3 Rfe8 25. Rae1 h5 26. e5 dxe5 27. fxe5 Ng4+
28. Bxg4 hxg4 29. e6 g3+ 30. Kh1 f5 31. d6 1-0

[Event "III Aberto do Brasil Cidade de MaringÃƒÂ"]
[Site "Country Club de MaringÃƒÂ¡ - P"]
[Date "2013.07.26"]
[Round "5"]
[White "SOUZA, Gustavo Horokoski De"]
[Black "DEUS FILHO, Joaquim De"]
[Result "0-1"]
[WhiteElo "1832"]
[BlackElo "2040"]
[PlyCount "83"]
[EventDate "2013.07.24"]

1. d4 e6 2. Nf3 b6 3. b3 Bb7 4. Bb2 f5 5. Nbd2 Nf6 6. e3 Be7 7. Be2 O-O 8. O-O
Qe8 9. c4 d6 10. Rc1 Ne4 11. Rc2 Nd7 12. Qa1 Ndf6 13. d5 e5 14. Nxe4 fxe4 15.
Nd2 Qg6 16. a3 Bc8 17. Rfc1 Ng4 18. Bxg4 Bxg4 19. Nf1 Rf6 20. b4 Raf8 21. c5
Qh5 22. Ng3 Qh4 23. h3 Bxh3 24. gxh3 Qxh3 25. Bxe5 dxe5 26. Qxe5 Bd8 27. Qxe4
Rh6 28. Qg2 Qd7 29. Rc4 Rhf6 30. R1c2 b5 31. Rd4 Rg6 32. Qe4 Re8 33. Qf3 Bf6
34. Rdd2 Be5 35. Qh5 Bxg3 36. fxg3 Rxe3 37. Rg2 Rxa3 38. d6 Ra1+ 39. Kf2 Rf6+
40. Ke2 Qe6+ 41. Kd2 Rf5 42. Qe2 0-1

[Event "III Aberto do Brasil Cidade de MaringÃƒÂ"]
[Site "Country Club de MaringÃƒÂ¡ - P"]
[Date "2013.07.27"]
[Round "6"]
[White "QUINTILIANO PINTO, Renato R"]
[Black "SANTIAGO, Yago De Moura"]
[Result "1-0"]
[WhiteElo "2308"]
[BlackElo "2409"]
[PlyCount "91"]
[EventDate "2013.07.24"]

1. d4 Nf6 2. c4 c5 3. d5 e5 4. Nc3 d6 5. e4 Be7 6. Nf3 O-O 7. h3 Ne8 8. g4 g6
9. Bd3 Ng7 10. Bh6 Nd7 11. Qe2 Nf6 12. O-O-O a6 13. Rdg1 Kh8 14. Nd2 Ng8 15.
Be3 Bg5 16. h4 Bxe3 17. Qxe3 Bd7 18. Nf3 h6 19. Ng5 Ne8 20. f4 exf4 21. Qxf4
Qf6 22. Qg3 b5 23. Nf3 bxc4 24. e5 dxe5 25. Nxe5 Bb5 26. Rf1 Qg7 27. Bxg6 Nd6
28. Bc2 Rad8 29. g5 f5 30. Qf4 Ne7 31. gxh6 Qf6 32. Rhg1 Nf7 33. Nxf7+ Rxf7 34.
Ne4 Nxd5 35. Nxf6 Nxf4 36. Rxf4 Rxf6 37. Rxf5 Rxh6 38. h5 Rg8 39. Rxg8+ Kxg8
40. Rxc5 Rc6 41. Rxc6 Bxc6 42. Kd2 Kg7 43. Bd1 a5 44. Kc3 Be8 45. a4 Bf7 46.
Kd4 1-0

[Event "III Aberto do Brasil Cidade de MaringÃƒÂ"]
[Site "Country Club de MaringÃƒÂ¡ - P"]
[Date "2013.07.27"]
[Round "6"]
[White "MATSUURA, Everaldo"]
[Black "VILLALBA, Marcelo"]
[Result "1-0"]
[WhiteElo "2491"]
[BlackElo "2179"]
[PlyCount "75"]
[EventDate "2013.07.24"]

1. d4 Nf6 2. c4 e6 3. Nc3 d5 4. Bg5 Nbd7 5. cxd5 exd5 6. e3 Be7 7. Bd3 c6 8.
Nge2 Nh5 9. Bxe7 Qxe7 10. Qc2 Nb6 11. h3 g6 12. O-O-O Bd7 13. Rhe1 O-O-O 14.
Kb1 Kb8 15. Nc1 Ng7 16. f3 Bf5 17. e4 dxe4 18. fxe4 Be6 19. Qf2 Qd7 20. Bf1 f5
21. d5 cxd5 22. exd5 Bxd5 23. Re5 Qf7 24. Nxd5 Rxd5 25. Rdxd5 Nxd5 26. Qc5 Rc8
27. Qd6+ Nc7 28. Re7 Qf8 29. Nb3 Nge8 30. Qb4 Qf6 31. Nc5 Qc6 32. a4 Nd6 33.
Bb5 Ndxb5 34. axb5 Qxg2 35. b6 Qh1+ 36. Re1 Qc6 37. bxc7+ Rxc7 38. Na6+ 1-0

[Event "III Aberto do Brasil Cidade de MaringÃƒÂ"]
[Site "Country Club de MaringÃƒÂ¡ - P"]
[Date "2013.07.27"]
[Round "6"]
[White "FERNANDEZ, Daniel"]
[Black "CRUZ, William Ferreira Da"]
[Result "1-0"]
[WhiteElo "2398"]
[BlackElo "2170"]
[PlyCount "38"]
[EventDate "2013.07.24"]

1. d4 Nf6 2. c4 g6 3. Nc3 Bg7 4. Bg5 d6 5. Nf3 O-O 6. e3 h6 7. Bh4 g5 8. Bg3
Nh5 9. Be2 c5 10. dxc5 dxc5 11. Qxd8 Bxc3+ 12. bxc3 Rxd8 13. Bd1 Kf8 14. Nxg5
hxg5 15. Bxh5 Nc6 16. Rb1 b6 17. Bf3 Bf5 18. Rd1 Rac8 19. Bxc6 Rxd1+ 1-0

[Event "III Aberto do Brasil Cidade de MaringÃƒÂ"]
[Site "Country Club de MaringÃƒÂ¡ - P"]
[Date "2013.07.27"]
[Round "6"]
[White "CAETANO, Hugo Zanotti Mendonc"]
[Black "PROUDIAN, Armen"]
[Result "0-1"]
[WhiteElo "2152"]
[BlackElo "2286"]
[PlyCount "68"]
[EventDate "2013.07.24"]

1. d4 Nf6 2. c4 e6 3. Nf3 d5 4. Nc3 Bb4 5. cxd5 exd5 6. Bd2 O-O 7. Qc2 c6 8. e3
Bg4 9. Ne5 Bh5 10. Bd3 Nbd7 11. f4 Bg6 12. Bxg6 hxg6 13. O-O Bxc3 14. Bxc3 Ne4
15. Ba5 Qc8 16. Nd3 Re8 17. Rf3 f6 18. Raf1 b6 19. Bc3 c5 20. f5 g5 21. Rh3 c4
22. Nb4 a5 23. Nxd5 Qc6 24. Nf4 gxf4 25. Rxf4 Ng5 26. Rg3 Re4 27. h4 Rxf4 28.
hxg5 Qe4 29. Qa4 Qb1+ 30. Kh2 Rh4+ 31. Rh3 Rxh3+ 32. gxh3 Qxf5 33. Qxc4+ Kh7
34. Qf7 Rf8 0-1

[Event "III Aberto do Brasil Cidade de MaringÃƒÂ"]
[Site "Country Club de MaringÃƒÂ¡ - P"]
[Date "2013.07.27"]
[Round "6"]
[White "BRODAY, Geovani Allan"]
[Black "PALOZI, Paulo Ricardo"]
[Result "1-0"]
[WhiteElo "2097"]
[BlackElo "2251"]
[PlyCount "97"]
[EventDate "2013.07.24"]

1. e4 e5 2. Nf3 Nc6 3. Bc4 Nf6 4. d3 Bb4+ 5. c3 Be7 6. Bb3 d5 7. Qe2 Bg4 8. h3
Bh5 9. Nbd2 O-O 10. Nf1 Bg6 11. Ng3 d4 12. cxd4 Nxd4 13. Nxd4 Bb4+ 14. Kf1 Qxd4
15. Be3 Qd7 16. Kg1 h5 17. Bg5 Nh7 18. Bh4 Kh8 19. Re1 Bc5 20. Kh2 a5 21. a3 a4
22. Ba2 Ra6 23. Rhf1 f6 24. Nxh5 f5 25. Ng3 f4 26. Nh1 f3 27. gxf3 Bh5 28. Qc2
Rxf3 29. Ng3 Bd4 30. Nf5 b5 31. Rg1 g5 32. Bg3 Rxf5 33. exf5 Rc6 34. Qd2 Qxf5
35. Bd5 Rh6 36. Be4 Qe6 37. Bg2 Bf3 38. Rh1 Qd5 39. Reg1 Nf6 40. Qxg5 Ng8 41.
Bxf3 Qxf3 42. Bxe5+ Bxe5+ 43. Qxe5+ Nf6 44. Qg3 Qxg3+ 45. Rxg3 Nh5 46. Rf3 Rh7
47. Rg1 Rd7 48. Rf5 Ng7 49. Rxb5 1-0

[Event "III Aberto do Brasil Cidade de MaringÃƒÂ"]
[Site "Country Club de MaringÃƒÂ¡ - P"]
[Date "2013.07.27"]
[Round "6"]
[White "FELICIANO EBERT, Vanessa"]
[Black "MENDONCA CAMPELO, Higor Carlos"]
[Result "1/2-1/2"]
[WhiteElo "2247"]
[BlackElo "2061"]
[PlyCount "91"]
[EventDate "2013.07.24"]

1. e4 e6 2. d4 d5 3. Nc3 Nf6 4. e5 Nfd7 5. f4 c5 6. Nf3 Nc6 7. Be3 cxd4 8. Nxd4
Bc5 9. Qd2 O-O 10. O-O-O a6 11. Qf2 Nxd4 12. Bxd4 Qc7 13. Bd3 Bxd4 14. Qxd4 Qc5
15. Ne2 b5 16. Rhe1 Bb7 17. Qxc5 Nxc5 18. Nd4 b4 19. g3 a5 20. Kd2 Ba6 21. Ra1
Rfb8 22. g4 a4 23. b3 Rb6 24. Ke3 f6 25. Rac1 fxe5 26. fxe5 Nd7 27. Kd2 axb3
28. cxb3 Rf8 29. Re2 Rf4 30. Bxa6 Rxd4+ 31. Bd3 Rxg4 32. Rc7 Nf8 33. Rc8 Rf4
34. Ke3 Rf7 35. Kd4 g6 36. Kc5 Rbb7 37. Bb5 Rf4 38. Bc6 Ra7 39. Rb8 Rc7 40. Kd6
Ra7 41. Rc2 Kg7 42. Bb7 g5 43. Rc7+ Rf7 44. Rxf7+ Kxf7 45. Bc6 Rxa2 46. Rb7+
1/2-1/2

[Event "III Aberto do Brasil Cidade de MaringÃƒÂ"]
[Site "Country Club de MaringÃƒÂ¡ - P"]
[Date "2013.07.27"]
[Round "6"]
[White "OSIPI, Jair"]
[Black "ZIMMERMANN, Kleber Renato P"]
[Result "1/2-1/2"]
[WhiteElo "2199"]
[BlackElo "1934"]
[PlyCount "65"]
[EventDate "2013.07.24"]

1. c4 Nf6 2. Nc3 g6 3. g3 Bg7 4. Bg2 O-O 5. d4 c5 6. Nf3 Nc6 7. O-O cxd4 8.
Nxd4 Nxd4 9. Qxd4 d6 10. b3 Ne4 11. Qxe4 Bxc3 12. Bh6 Bxa1 13. Bxf8 Bf6 14. Bh6
Rb8 $11 15. Qd5 Bd7 16. e4 Bc6 17. Qd2 Qc7 18. Rc1 b6 19. Re1 Bb7 20. Be3 Rd8
21. f4 Bc8 22. h3 h5 23. Qe2 Bg7 24. g4 hxg4 25. hxg4 Bc3 26. Rd1 Bb4 27. Bf3
Bc5 28. Kg2 Bxe3 29. Qxe3 Qc5 30. Qc3 Bb7 31. g5 Rc8 32. a4 a6 33. Qd4 1/2-1/2

[Event "III Aberto do Brasil Cidade de MaringÃƒÂ"]
[Site "Country Club de MaringÃƒÂ¡ - P"]
[Date "2013.07.27"]
[Round "6"]
[White "DEUS FILHO, Joaquim De"]
[Black "DE SOUZA, Ivo Eduardo Medeiros"]
[Result "1/2-1/2"]
[WhiteElo "2040"]
[BlackElo "2193"]
[PlyCount "29"]
[EventDate "2013.07.24"]

1. c4 Nf6 2. g3 c5 3. Bg2 g6 4. Nc3 Bg7 5. Rb1 Nc6 6. a3 O-O 7. e3 d6 8. Nge2
Bf5 9. d3 Ne5 10. e4 Bg4 11. f4 Nc6 12. h3 Bd7 13. O-O Ne8 14. g4 Nc7 15. f5
$11 1/2-1/2

[Event "III Aberto do Brasil Cidade de MaringÃƒÂ"]
[Site "Country Club de MaringÃƒÂ¡ - P"]
[Date "2013.07.27"]
[Round "6"]
[White "MOURA DE LIMA, Wilian Rither D"]
[Black "CARVALHO, Herbert Abreu"]
[Result "0-1"]
[WhiteElo "1948"]
[BlackElo "2186"]
[PlyCount "110"]
[EventDate "2013.07.24"]

1. e4 d6 2. d4 Nf6 3. Nc3 g6 4. Be3 Bg7 5. Qd2 c6 6. a4 a5 7. Nf3 Na6 8. Be2
Nb4 9. O-O O-O 10. Rad1 d5 11. e5 Ne8 12. Nb1 Nc7 13. c3 Nba6 14. Bh6 Bg4 15.
Qg5 Bxf3 16. Bxf3 f6 17. Qe3 Bxh6 18. Qxh6 fxe5 19. dxe5 Nc5 20. Rd4 Rf7 21.
Bd1 Qf8 22. Qe3 N7e6 23. Rg4 Rf4 24. Nd2 Rxg4 25. Bxg4 Qf4 26. Bxe6+ Nxe6 27.
Qxf4 Nxf4 28. Nf3 Ra6 29. g3 Nd3 30. b3 Rb6 31. Rb1 Nc5 32. Nd2 g5 33. Kf1 Kf7
34. Ke2 Ke6 35. f4 Kf5 36. Ke3 Ne6 37. h3 gxf4+ 38. gxf4 c5 39. Rf1 d4+ 40.
cxd4 cxd4+ 41. Kd3 Rb4 42. Kc2 Nxf4 43. Nc4 b6 44. Nd2 Kxe5 45. Re1+ Kd6 46.
Nc4+ Kd7 47. Rd1 d3+ 48. Kc3 Kc7 49. Rf1 Nd5+ 50. Kd4 Nf6 51. Kc3 Ne4+ 52. Kd4
Nc5 53. Rb1 Nxb3+ 54. Kc3 Rxc4+ 55. Kxb3 Rb4+ 0-1

[Event "III Aberto do Brasil Cidade de MaringÃƒÂ"]
[Site "Country Club de MaringÃƒÂ¡ - P"]
[Date "2013.07.27"]
[Round "6"]
[White "UTIYAMA, Marcel Heimar Ribeir"]
[Black "BASTOS, Guilherme Exterhotte"]
[Result "1-0"]
[WhiteElo "2185"]
[BlackElo "1933"]
[PlyCount "98"]
[EventDate "2013.07.24"]

1. e4 Nf6 2. e5 Nd5 3. d4 d6 4. Nf3 g6 5. Bc4 Nb6 6. Bb3 Bg7 7. Ng5 e6 8. Qf3
Qe7 9. Ne4 d5 10. Nf6+ Bxf6 11. exf6 Qf8 12. O-O Bd7 13. Bf4 Na6 14. a4 Bc6 15.
Nc3 O-O-O 16. Nb5 Kb8 17. Qg3 Rd7 18. c3 g5 19. Qxg5 Rg8 20. Qh4 h5 21. Qxh5
Rh8 22. Qf3 Nc4 23. Qe2 Qc8 24. Bd1 Rdd8 25. b3 Na5 26. Na3 Rdg8 27. b4 e5 28.
Bg3 Nc4 29. b5 Bd7 30. Nxc4 dxc4 31. bxa6 Bc6 32. axb7 Qd7 33. Qxe5 Bxg2 34.
Kxg2 Qh3+ 35. Kf3 Rxg3+ 36. hxg3 Qxf1 37. Qe3 Rg8 38. Rb1 Qh1+ 39. Ke2 Qc6 40.
Kd2 Re8 41. Qf3 Qd6 42. Bc2 Qe6 43. a5 a6 44. Ba4 Rd8 45. Re1 Qd6 46. Re8 Rxe8
47. Bxe8 Qa3 48. Qe4 Qxa5 49. Bc6 Qa2+ 1-0

[Event "III Aberto do Brasil Cidade de MaringÃƒÂ"]
[Site "Country Club de MaringÃƒÂ¡ - P"]
[Date "2013.07.27"]
[Round "6"]
[White "LEBREDO ZARAGOITIA, Gerardo"]
[Black "LISBOA TORRES, Eduardo"]
[Result "1-0"]
[WhiteElo "2209"]
[BlackElo "1864"]
[PlyCount "49"]
[EventDate "2013.07.24"]

1. d4 Nf6 2. c4 g6 3. Nc3 Bg7 4. Nf3 O-O 5. Bg5 d6 6. e3 c5 7. d5 h6 8. Bh4 g5
9. Bg3 Nh5 10. Nd2 Nxg3 11. hxg3 Nd7 12. f4 Nf6 13. fxg5 Ng4 14. Bd3 hxg5 15.
Bh7+ Kh8 16. Bf5+ Nh6 17. Bxc8 Qxc8 18. Qh5 f6 19. Qg6 Qe8 20. Rxh6+ Bxh6 21.
Qxh6+ Kg8 22. O-O-O Rf7 23. Rh1 Rg7 24. Nde4 Qf8 25. Nxg5 1-0

[Event "III Aberto do Brasil Cidade de MaringÃƒÂ"]
[Site "Country Club de MaringÃƒÂ¡ - P"]
[Date "2013.07.27"]
[Round "6"]
[White "TACCONI DA SILVA, Lucas"]
[Black "MARTINS, Carlos"]
[Result "1/2-1/2"]
[WhiteElo "2007"]
[BlackElo "2241"]
[PlyCount "24"]
[EventDate "2013.07.24"]

1. c4 b6 2. Nf3 Bb7 3. g3 Bxf3 4. exf3 c5 5. d4 cxd4 6. Qxd4 Nc6 7. Qd2 g6 8.
b3 Bg7 9. Bb2 Nf6 10. Nc3 O-O 11. Bg2 d6 12. f4 Rc8 1/2-1/2

[Event "III Aberto do Brasil Cidade de MaringÃƒÂ"]
[Site "Country Club de MaringÃƒÂ¡ - P"]
[Date "2013.07.27"]
[Round "6"]
[White "BARBOSA, Jefferson Lucas Munh"]
[Black "SANTOS, Renato Andrade"]
[Result "1/2-1/2"]
[WhiteElo "1914"]
[BlackElo "2188"]
[PlyCount "85"]
[EventDate "2013.07.24"]

1. e4 e5 2. Nf3 Nc6 3. Bb5 a6 4. Bxc6 dxc6 5. O-O f6 6. d4 exd4 7. Nxd4 c5 8.
Nb3 Qxd1 9. Rxd1 Bg4 10. f3 Be6 11. Be3 c4 12. Nc5 Bxc5 13. Bxc5 Rd8 14. Nc3
Nh6 15. Kf2 Nf7 16. Ke3 Rd7 17. Ne2 Ne5 18. Nd4 Bf7 19. Nf5 Rg8 20. h3 b6 21.
Bb4 Nc6 22. Be1 Ne7 23. Nd4 Kd8 24. Bg3 Kc8 25. Ne2 Rgd8 26. Rxd7 Rxd7 27. Be1
c5 28. Bc3 Nc6 29. a3 b5 30. h4 a5 31. g4 b4 32. Be1 Nd4 33. Rc1 Nxe2 34. Kxe2
c3 35. b3 c4 36. bxc4 Bxc4+ 37. Ke3 bxa3 38. Bxc3 a4 39. Ra1 a2 40. g5 fxg5 41.
hxg5 g6 42. f4 Be6 43. Bd4 1/2-1/2

[Event "III Aberto do Brasil Cidade de MaringÃƒÂ"]
[Site "Country Club de MaringÃƒÂ¡ - P"]
[Date "2013.07.27"]
[Round "6"]
[White "FERREIRA, Ozeias Da Cunha"]
[Black "FERNANDEZ, Maria Florencia"]
[Result "0-1"]
[WhiteElo "1982"]
[BlackElo "2134"]
[PlyCount "61"]
[EventDate "2013.07.24"]

1. Nc3 Nf6 2. d4 g6 3. e4 d6 4. Bc4 Bg7 5. Nf3 O-O 6. O-O Nxe4 7. Nxe4 d5 8.
Bxd5 Qxd5 9. Nc3 Qd8 10. Ne5 Bf5 11. Be3 Na6 12. g4 Bxe5 13. gxf5 Bg7 14. fxg6
hxg6 15. Qf3 c6 16. Qh3 Nb4 17. Ne4 Nxc2 18. Ng5 Re8 19. Rac1 Nxd4 20. Rcd1 e5
21. Ne4 Qd5 22. f3 Qe6 23. Qg2 b6 24. Bxd4 exd4 25. Rfe1 Qxa2 26. f4 Qd5 27.
Re2 d3 28. Ree1 f5 29. Ng5 Qxg2+ 30. Kxg2 Rxe1 31. Rxe1 0-1

[Event "III Aberto do Brasil Cidade de MaringÃƒÂ"]
[Site "Country Club de MaringÃƒÂ¡ - P"]
[Date "2013.07.27"]
[Round "6"]
[White "COSTA, Paulo Cesar"]
[Black "ALMEIDA, Alvaro Alves De"]
[Result "1/2-1/2"]
[WhiteElo "2054"]
[BlackElo "1808"]
[PlyCount "56"]
[EventDate "2013.07.24"]

1. Nf3 Nf6 2. c4 e6 3. Nc3 d5 4. d4 Bb4 5. Qa4+ Nc6 6. e3 O-O 7. Bd2 Bd7 8. Qc2
Bxc3 9. Bxc3 Ne4 10. Bd3 f5 11. O-O Ng5 12. Nxg5 Qxg5 13. cxd5 exd5 14. Qb3 f4
15. exf4 Rxf4 16. Qxb7 Raf8 17. g3 Nxd4 18. Bxd4 Rxd4 19. Rad1 Bh3 20. Bxh7+
Kxh7 21. Rxd4 Bxf1 22. Kxf1 Qc1+ 23. Kg2 c6 24. Rg4 Rxf2+ 25. Kxf2 Qd2+ 26. Kf3
Qd1+ 27. Kf4 Qd4+ 28. Kf3 Qd1+ 1/2-1/2

[Event "III Aberto do Brasil Cidade de MaringÃƒÂ"]
[Site "Country Club de MaringÃƒÂ¡ - P"]
[Date "2013.07.27"]
[Round "6"]
[White "MAIBERG, Wellington Gubiani"]
[Black "DELGADO, Lidio Dias"]
[Result "1/2-1/2"]
[WhiteElo "1919"]
[BlackElo "2294"]
[PlyCount "39"]
[EventDate "2013.07.24"]

1. e4 e6 2. d4 d5 3. Nc3 Nf6 4. Bd3 c5 5. exd5 cxd4 6. Bb5+ Bd7 7. Qxd4 Bxb5 8.
Nxb5 Qa5+ 9. Nc3 Nxd5 10. Bd2 Nb4 11. Qe4 Nd7 12. O-O-O Nc5 13. Qc4 Rc8 14. Kb1
Rc6 15. a3 Nba6 16. Qb5 Qb6 17. Nf3 Nc7 18. Qxb6 Rxb6 19. Bf4 N5a6 20. Ka2
1/2-1/2